Historia de los filósofos políticos
Bewaard in:
| Hoofdauteur: | |
|---|---|
| Formaat: | Boek |
| Taal: | Spaans |
| Gepubliceerd in: |
Buenos Aires
Peuser
1956
|
| Editie: | 2a. ed |
| Onderwerpen: | |
| Tags: |
Voeg label toe
Geen labels, Wees de eerste die dit record labelt!
|
MARC
| LEADER | 00000nam a2200000 a 4500 | ||
|---|---|---|---|
| 001 | UCV0884 | ||
| 003 | CL-VaPUC | ||
| 008 | 890619e19560000AG |||||||||||||||||spa|d | ||
| 082 | 0 | 4 | |a 320.01 |b CAT |2 21 |
| 100 | 0 | |a Catlin, George Gordon |e author |9 295223 | |
| 245 | 1 | 0 | |a Historia de los filósofos políticos |
| 250 | |a 2a. ed | ||
| 300 | |a 844 p | ||
| 942 | |c BK | ||
| 945 | |d 19890619 00:00:00 | ||
| 260 | |a Buenos Aires |b Peuser |c 1956 | ||
| 650 | 0 | |a Ciencias Políticas |9 255201 | |
| 650 | 0 | |a Historia |9 255047 | |
| 650 | 7 | |a CIENTISTAS POLITICOS |2 CL-VaPUC |9 255693 | |
| 650 | 7 | |a TEORIA POLITICA |2 CL-VaPUC |9 295224 | |
| 583 | |a last modification |c 19890619 00:00:00 |k Rodrigo Vera | ||
| 999 | |c 209075 |d 209073 | ||
| 952 | |0 0 |1 0 |4 0 |6 320_010000000000000_CAT_1956 |7 0 |8 DER_TF |9 184210 |a BIBDER |b BIBDER |d 2019-11-14 |i 2513625 |l 1 |o 320.01 CAT 1956 |p 2513625 |r 2023-01-25 |s 2020-03-18 |w 2019-11-14 |x Ubicación 4to Piso |y BK |z Estos recursos deben solicitarse con anticipación |k DER | ||